[Event "Regionalliga SW 1617"]
[Site "Bayern"]
[Date "2017.01.15"]
[Round "4.6"]
[White "Lux, Werner"]
[Black "Wuerdinger, Alexander"]
[Result "1-0"]
[WhiteElo "1996"]
[BlackElo "2024"]
[PlyCount "65"]
[EventDate "2016.10.16"]
[EventType "team-tourn"]
[EventRounds "9"]
[EventCountry "GER"]
[SourceTitle "EXT 2019"]
[Source "ChessBase"]
[SourceDate "2018.10.10"]
[SourceVersion "1"]
[SourceVersionDate "2018.10.10"]
[SourceQuality "1"]
[WhiteTeam "Tuerkheim/Bad Woerishofen"]
[BlackTeam "Haar"]
[WhiteTeamCountry "GER"]
[BlackTeamCountry "GER"]

1. e4 e6 2. d3 b5 3. g3 Bb7 4. Bg2 f5 5. Qe2 c5 6. Nh3 Qb6 7. 0-0 fxe4 8. dxe4 Nf6 9. Nf4 Nc6 10. e5 Nd4 11. Qd1 Bxg2 12. Nxg2 Nd5 13. c3 Nf5 14. Nf4 Nde7 15. Nd2 0-0-0 16. Nf3 h6 17. a4 g5 18. Nh5 g4 19. Nd2 Nc6 20. Re1 d6 21. exd6 Bxd6 22. Qxg4 Ne5 23. Qe4 Kb8 24. axb5 Qxb5 25. Nf4 Ng7 26. Nf3 Nxf3+ 27. Qxf3 e5 28. Ng6 Rhg8 29. Qf7 a6 30. Bxh6 Nh5 31. Nxe5 c4 32. Qxh5 Rde8 33. Bf4 1-0

[Event "Regionalliga SW 1617"]
[Site "Bayern"]
[Date "2016.12.04"]
[Round "3.6"]
[White "Wuerdinger, Alexander"]
[Black "Zeier, Robert"]
[Result "1-0"]
[WhiteElo "2024"]
[BlackElo "2021"]
[PlyCount "63"]
[EventDate "2016.10.16"]
[EventType "team-tourn"]
[EventRounds "9"]
[EventCountry "GER"]
[SourceTitle "EXT 2019"]
[Source "ChessBase"]
[SourceDate "2018.10.10"]
[SourceVersion "1"]
[SourceVersionDate "2018.10.10"]
[SourceQuality "1"]
[WhiteTeam "Haar"]
[BlackTeam "Muenchen 36 II"]
[WhiteTeamCountry "GER"]
[BlackTeamCountry "GER"]

1. e4 e5 2. Nc3 Nf6 3. f4 d5 4. fxe5 Nxe4 5. Nf3 Nc6 6. Bb5 a6 7. Ba4 Nc5 8. Bxc6+ bxc6 9. d4 Ne6 10. Be3 Be7 11. Qd2 0-0 12. 0-0-0 Bd7 13. h4 f6 14. g4 Qe8 15. g5 f5 16. Bf4 Qh5 17. Rdf1 Kh8 18. Ne2 Qf7 19. h5 Qg8 20. Kb1 Be8 21. g6 Nxf4 22. gxh7 Qxh7 23. Nxf4 Kg8 24. Rfg1 Bd8 25. Ne6 Rf7 26. Rg6 Re7 27. Qg2 Rxe6 28. Rxe6 Kf8 29. Ng5 Qg8 30. h6 gxh6 31. Nh7+ Qxh7 32. Rexh6 1-0

[Event "Regionalliga SW 1617"]
[Site "Bayern"]
[Date "2016.11.20"]
[Round "2.6"]
[White "Schmidt, Hans"]
[Black "Wuerdinger, Alexander"]
[Result "1-0"]
[WhiteElo "2042"]
[BlackElo "2024"]
[PlyCount "103"]
[EventDate "2016.10.16"]
[EventType "team-tourn"]
[EventRounds "9"]
[EventCountry "GER"]
[SourceTitle "EXT 2019"]
[Source "ChessBase"]
[SourceDate "2018.10.10"]
[SourceVersion "1"]
[SourceVersionDate "2018.10.10"]
[SourceQuality "1"]
[WhiteTeam "Garching III"]
[BlackTeam "Haar"]
[WhiteTeamCountry "GER"]
[BlackTeamCountry "GER"]

1. d4 e6 2. c4 f5 3. e4 fxe4 4. f3 Nf6 5. Nc3 Bb4 6. Bg5 c6 7. fxe4 Bxc3+ 8. bxc3 Qa5 9. Bxf6 Qxc3+ 10. Ke2 gxf6 11. Kf2 d6 12. Rc1 Qa5 13. Bd3 Nd7 14. Nh3 Nf8 15. e5 dxe5 16. Qh5+ Kd8 17. Rhd1 Nd7 18. d5 exd5 19. cxd5 Qxa2+ 20. Kf1 Qxd5 21. Bf5 Qb5+ 22. Kg1 c5 23. Rxd7+ Bxd7 24. Rd1 Kc7 25. Rxd7+ Kb6 26. Qf7 Rab8 27. Rd6+ Ka5 28. Bc2 Qb2 29. Qc4 b5 30. Qxc5 Rhc8 31. Qxa7+ Kb4 32. Bd1 Qc3 33. Kf1 Ra8 34. Qe7 Qc4+ 35. Be2 Qc5 36. Nf2 Ra1+ 37. Bd1 Qc4+ 38. Ke1 Kc3 39. Rd3+ Kb2 40. Rd2+ Kb1 41. Be2 Qh4 42. Bd3+ Kc1 43. g3 Qa4 44. Bf5 Ra3 45. Rd1+ Kb2 46. Bxc8 Re3+ 47. Kf1 b4 48. Qd6 Rc3 49. Nd3+ Rxd3 50. Qxd3 b3 51. Rb1+ Ka2 52. Be6 1-0

[Event "Regionalliga SW 1415"]
[Site "Bayern"]
[Date "2014.12.07"]
[Round "4.6"]
[White "Wuerdinger, Alexander"]
[Black "Lux, Werner"]
[Result "1-0"]
[WhiteElo "2024"]
[BlackElo "1996"]
[PlyCount "71"]
[EventDate "2014.10.19"]
[EventType "team-tourn"]
[EventRounds "9"]
[EventCountry "GER"]
[SourceTitle "EXT 2018"]
[Source "ChessBase"]
[SourceDate "2017.10.13"]
[SourceVersion "1"]
[SourceVersionDate "2017.10.13"]
[SourceQuality "1"]
[WhiteTeam "Haar"]
[BlackTeam "Tuerkheim/Bad Woerishofen"]
[WhiteTeamCountry "GER"]
[BlackTeamCountry "GER"]

1. c4 Nf6 2. g3 g6 3. b3 Bg7 4. Bb2 0-0 5. Bg2 d5 6. cxd5 Nxd5 7. Bxg7 Kxg7 8. Nf3 c6 9. 0-0 Nd7 10. d4 N7f6 11. Nbd2 Bg4 12. h3 Bf5 13. Nh4 Nc3 14. Nxf5+ gxf5 15. Qe1 Qxd4 16. Nf3 Qb4 17. a3 Qc5 18. Rc1 Nfe4 19. Kh2 a5 20. e3 b5 21. b4 axb4 22. axb4 Qxb4 23. Nd4 c5 24. Nxf5+ Kf6 25. f3 Na2 26. fxe4 Nxc1 27. Qxc1 Ra2 28. Qd1 Qb2 29. Nh4+ Kg7 30. Rf5 c4 31. Qh5 b4 32. Qg5+ Kh8 33. Qxe7 Raa8 34. e5 f6 35. Rh5 Qc2 36. Nf5 1-0

[Event "Regionalliga SW 1314"]
[Site "Bayern"]
[Date "2014.02.23"]
[Round "7.4"]
[White "Wuerdinger, Alexander"]
[Black "Hantak, Adam"]
[Result "0-1"]
[WhiteElo "2039"]
[BlackElo "2166"]
[PlyCount "92"]
[EventDate "2013.10.13"]
[EventType "team-tourn"]
[EventRounds "9"]
[EventCountry "GER"]
[SourceTitle "EXT 2015"]
[Source "ChessBase"]
[SourceDate "2014.11.20"]
[SourceVersion "1"]
[SourceVersionDate "2014.11.20"]
[SourceQuality "1"]
[WhiteTeam "Haar"]
[BlackTeam "Muenchen 36"]
[WhiteTeamCountry "GER"]
[BlackTeamCountry "GER"]

1. c4 b6 2. Nc3 Bb7 3. Nf3 Nf6 4. g3 e6 5. Bg2 c5 6. 0-0 Be7 7. d3 0-0 8. e4 d6 9. h3 Nc6 10. Be3 Ne8 11. Qd2 Nc7 12. Nh2 a6 13. f4 b5 14. e5 d5 15. cxd5 exd5 16. Bf2 a5 17. Rae1 Re8 18. Nf3 a4 19. f5 b4 20. Ne2 c4 21. Nf4 Bf8 22. Nh5 a3 23. b3 cxb3 24. g4 bxa2 25. Bh4 Qb8 26. Qg5 Kh8 27. Bg3 Qd8 28. f6 g6 29. Nf4 Ne6 30. Nxe6 Rxe6 31. Qh4 Bc5+ 32. Kh1 Qg8 33. Ng5 Nd8 34. Nxe6 Nxe6 35. Bf2 Bxf2 36. Qxf2 b3 37. Qb6 b2 38. Qxb7 Rb8 39. Qe7 b1Q 40. Qxa3 Qc2 41. Rc1 Qd2 42. Rcd1 Qb2 43. Qxb2 Rxb2 44. Bxd5 Qd8 45. Bg2 Qc7 46. d4 Qc2 0-1

[Event "Regionalliga SW 1314"]
[Site "Bayern"]
[Date "2013.10.13"]
[Round "1.6"]
[White "Wuerdinger, Alexander"]
[Black "Wesely, Wolfgang"]
[Result "1-0"]
[WhiteElo "2039"]
[BlackElo "1885"]
[PlyCount "77"]
[EventDate "2013.10.13"]
[EventType "team-tourn"]
[EventRounds "9"]
[EventCountry "GER"]
[SourceTitle "EXT 2015"]
[Source "ChessBase"]
[SourceDate "2014.11.20"]
[SourceVersion "1"]
[SourceVersionDate "2014.11.20"]
[SourceQuality "1"]
[WhiteTeam "Haar"]
[BlackTeam "Muenchen RTA"]
[WhiteTeamCountry "GER"]
[BlackTeamCountry "GER"]

1. c4 e5 2. Nc3 Nf6 3. g3 c6 4. Nf3 d6 5. Bg2 Be7 6. c5 0-0 7. cxd6 Bxd6 8. 0-0 Na6 9. h3 Nc5 10. Qc2 Re8 11. d3 h6 12. g4 Ne6 13. e3 Bd7 14. Rd1 Rc8 15. b3 a6 16. Bb2 Bb8 17. Rd2 Nf8 18. Rad1 Ng6 19. Qb1 Qe7 20. Qa1 c5 21. Ne2 Bc6 22. Ng3 Rcd8 23. Nf5 Qc7 24. Kf1 Bb5 25. a4 Bc6 26. d4 cxd4 27. exd4 e4 28. Ne5 Nf4 29. Nxc6 bxc6 30. d5 N6xd5 31. Bxg7 Nxg2 32. Bxh6 f6 33. Rxd5 cxd5 34. Qxf6 Rd7 35. Qg6+ Kh8 36. Qxe8+ Kh7 37. Rc1 Qd8 38. Qh5 Kg8 39. Qg6+ 1-0

[Event "Regionalliga SO 1213"]
[Site "Bayern"]
[Date "2013.02.03"]
[Round "6.4"]
[White "Krause, Christian"]
[Black "Wuerdinger, Alexander"]
[Result "1-0"]
[WhiteElo "1988"]
[BlackElo "2076"]
[PlyCount "69"]
[EventDate "2012.10.14"]
[EventType "team-tourn"]
[EventRounds "9"]
[EventCountry "GER"]
[SourceTitle "EXT 2015"]
[Source "ChessBase"]
[SourceDate "2014.11.20"]
[SourceVersion "1"]
[SourceVersionDate "2014.11.20"]
[SourceQuality "1"]
[WhiteTeam "Ebersberg Grafing"]
[BlackTeam "Graefelfing"]
[WhiteTeamCountry "GER"]
[BlackTeamCountry "GER"]

1. c4 c6 2. b3 e5 3. Bb2 d6 4. g3 Nd7 5. Bg2 Nh6 6. Nf3 Be7 7. 0-0 0-0 8. Nc3 f5 9. d4 e4 10. Ne1 Nf6 11. e3 d5 12. Qc1 Be6 13. cxd5 cxd5 14. Nc2 Rc8 15. Qd2 g5 16. Rfc1 f4 17. exf4 gxf4 18. Nd1 e3 19. Qe1 Bf5 20. Na3 Rxc1 21. Rxc1 Ne4 22. Nb1 exf2+ 23. Nxf2 fxg3 24. Nxe4 gxh2+ 25. Kh1 Bxe4 26. Bxe4 Bh4 27. Qd2 Bg5 28. Qg2 dxe4 29. Nd2 Rf4 30. Rc8 Rg4 31. Rxd8+ Bxd8 32. Qe2 Rh4 33. Nf3 Rf4 34. Nxh2 Bf6 35. Bc1 1-0

[Event "Regionalliga SO 1213"]
[Site "Bayern"]
[Date "2012.12.09"]
[Round "4.4"]
[White "Mayr, Florian"]
[Black "Wuerdinger, Alexander"]
[Result "1-0"]
[WhiteElo "2117"]
[BlackElo "2076"]
[PlyCount "61"]
[EventDate "2012.10.14"]
[EventType "team-tourn"]
[EventRounds "9"]
[EventCountry "GER"]
[SourceTitle "EXT 2015"]
[Source "ChessBase"]
[SourceDate "2014.11.20"]
[SourceVersion "1"]
[SourceVersionDate "2014.11.20"]
[SourceQuality "1"]
[WhiteTeam "Starnberger See"]
[BlackTeam "Graefelfing"]
[WhiteTeamCountry "GER"]
[BlackTeamCountry "GER"]

1. e4 Nf6 2. Nc3 e5 3. f4 d5 4. fxe5 Nxe4 5. Nf3 Bg4 6. d3 Nxc3 7. bxc3 Be7 8. Be2 f6 9. Nd4 Bc8 10. Bh5+ g6 11. exf6 Bxf6 12. Ba3 Bxd4 13. cxd4 Qh4+ 14. Kd2 Qg5+ 15. Kc3 gxh5 16. Re1+ Kf7 17. Re7+ Kg6 18. Qf3 Bf5 19. Qxd5 Rf8 20. Rxc7 Nc6 21. Bxf8 Rxf8 22. Rb1 Nd8 23. Re1 Qf6 24. Qe5 h4 25. d5 a5 26. Qxf6+ Rxf6 27. Kd4 b6 28. Re8 Rd6 29. Ke5 Nf7+ 30. Kd4 Bd7 31. Re7 1-0

[Event "Regionalliga SO 1213"]
[Site "Bayern"]
[Date "2012.11.25"]
[Round "3.4"]
[White "Wuerdinger, Alexander"]
[Black "Appel, Ewald"]
[Result "1-0"]
[WhiteElo "2076"]
[BlackElo "1961"]
[PlyCount "73"]
[EventDate "2012.10.14"]
[EventType "team-tourn"]
[EventRounds "9"]
[EventCountry "GER"]
[SourceTitle "EXT 2015"]
[Source "ChessBase"]
[SourceDate "2014.11.20"]
[SourceVersion "1"]
[SourceVersionDate "2014.11.20"]
[SourceQuality "1"]
[WhiteTeam "Graefelfing"]
[BlackTeam "Ingolstadt II"]
[WhiteTeamCountry "GER"]
[BlackTeamCountry "GER"]

1. Nf3 Nf6 2. g3 g6 3. Bg2 Bg7 4. 0-0 0-0 5. c4 d6 6. Nc3 e5 7. d4 Nbd7 8. e4 c6 9. Be3 Qc7 10. h3 Re8 11. d5 Nb6 12. b3 c5 13. Nh2 a6 14. Rc1 Bd7 15. Ng4 Nxg4 16. hxg4 Nc8 17. f4 f6 18. g5 f5 19. exf5 exf4 20. Bxf4 Bxf5 21. g4 Bd7 22. Ne4 Bd4+ 23. Kh1 Rf8 24. Qe2 b5 25. Bg3 Qd8 26. Rxf8+ Kxf8 27. Rf1+ Kg7 28. Qf3 Qe7 29. b4 cxb4 30. c5 Be5 31. Bxe5+ dxe5 32. d6 Nxd6 33. cxd6 Qf8 34. Nf6 Rd8 35. Qh3 Qh8 36. Nxd7 Rxd7 37. Qh6+ 1-0

[Event "Regionalliga SO 1112"]
[Site "Bayern"]
[Date "2011.12.11"]
[Round "4.5"]
[White "Wuerdinger, Alexander"]
[Black "Brem, Stephan"]
[Result "1-0"]
[WhiteElo "2105"]
[BlackElo "2046"]
[PlyCount "53"]
[EventDate "2011.10.02"]
[EventType "team-tourn"]
[EventRounds "9"]
[EventCountry "GER"]
[SourceTitle "EXT 2013"]
[Source "ChessBase"]
[SourceDate "2012.11.22"]
[SourceVersion "1"]
[SourceVersionDate "2012.11.22"]
[SourceQuality "1"]
[WhiteTeam "Graefelfing"]
[BlackTeam "Ebersberg Grafing"]
[WhiteTeamCountry "GER"]
[BlackTeamCountry "GER"]

1. e4 d6 2. d4 Nf6 3. Nc3 g6 4. f3 c6 5. Be3 b5 6. Qd2 Nbd7 7. 0-0-0 Qa5 8. Kb1 b4 9. Nce2 Nb6 10. Nc1 Na4 11. Nb3 Qb6 12. Ne2 Bg7 13. Bh6 0-0 14. Bxg7 Kxg7 15. Nf4 a5 16. e5 Nd5 17. exd6 exd6 18. Nxd5 cxd5 19. h4 Qc7 20. h5 Nc3+ 21. bxc3 bxc3 22. h6+ Kg8 23. Qg5 f5 24. Re1 Bd7 25. Re7 Rae8 26. Rg7+ Kh8 27. Bb5 1-0

[Event "Regionalliga SO 1011"]
[Site "Bayern"]
[Date "2010.10.10"]
[Round "1.3"]
[White "Wuerdinger, Alexander"]
[Black "Richter, Martin"]
[Result "1-0"]
[WhiteElo "2113"]
[BlackElo "2067"]
[PlyCount "79"]
[EventDate "2010.10.10"]
[EventType "team-tourn"]
[EventRounds "9"]
[EventCountry "GER"]
[SourceTitle "EXT 2012"]
[Source "ChessBase"]
[SourceDate "2011.11.24"]
[SourceVersion "1"]
[SourceVersionDate "2011.11.24"]
[SourceQuality "1"]
[WhiteTeam "Graefelfing"]
[BlackTeam "Pang/Rosenheim II"]
[WhiteTeamCountry "GER"]
[BlackTeamCountry "GER"]

1. Nf3 Nf6 2. g3 d5 3. Bg2 Bf5 4. c4 e6 5. Qb3 Qc8 6. Nc3 c6 7. 0-0 Nbd7 8. cxd5 exd5 9. d3 Bd6 10. Bg5 h6 11. Bxf6 Nxf6 12. e4 dxe4 13. dxe4 Be6 14. Qd1 Be7 15. Nd4 0-0 16. e5 Nd5 17. Nxd5 Bxd5 18. Bxd5 cxd5 19. Rc1 Qd7 20. Qd3 Rfc8 21. Rce1 Bb4 22. e6 fxe6 23. Rxe6 Re8 24. Rg6 Re4 25. f3 Re5 26. Rc1 Rae8 27. Kg2 Ba5 28. g4 Bb6 29. Nf5 Re2+ 30. Kh3 Bc7 31. Rxc7 Qxc7 32. Rxg7+ Qxg7 33. Qxd5+ Kh7 34. Nxg7 Kxg7 35. Qxb7+ R8e7 36. Qb4 Rd7 37. Qb8 a5 38. a3 Rdd2 39. b4 Rxh2+ 40. Qxh2 1-0

[Event "Regionalliga SO 0809"]
[Site "Bayern"]
[Date "2009.03.29"]
[Round "9.4"]
[White "Hauschild, Helmut"]
[Black "Wuerdinger, Alexander"]
[Result "1-0"]
[WhiteElo "2109"]
[BlackElo "2074"]
[PlyCount "121"]
[EventDate "2008.10.05"]
[EventType "team-tourn"]
[EventRounds "9"]
[EventCountry "GER"]
[SourceTitle "EXT 2020"]
[Source "ChessBase"]
[SourceDate "2019.10.17"]
[SourceVersion "1"]
[SourceVersionDate "2019.10.17"]
[SourceQuality "1"]
[WhiteTeam "Waldkraiburg"]
[BlackTeam "Graefelfing"]
[WhiteTeamCountry "GER"]
[BlackTeamCountry "GER"]

1. e4 c5 2. d3 Nf6 3. g3 Nc6 4. Bg2 d5 5. exd5 Nxd5 6. Nc3 Nxc3 7. bxc3 g6 8. Ne2 Bg7 9. 0-0 0-0 10. Be3 Qa5 11. Qd2 Rd8 12. Bh6 Bh8 13. Qe3 Bf5 14. h3 c4 15. d4 Bxc2 16. d5 Rxd5 17. Bxd5 Qxd5 18. Rac1 Qe4 19. f3 Qd3 20. Rfe1 Ne5 21. Nd4 Ba4 22. f4 Qxe3+ 23. Rxe3 Nd3 24. Rb1 b6 25. f5 Bf6 26. Rf1 Rd8 27. Re4 Rd5 28. g4 Bd7 29. fxg6 hxg6 30. Bd2 b5 31. Nf3 Nc5 32. Re2 Rd3 33. g5 Bxc3 34. Bxc3 Rxc3 35. Rxe7 Bxh3 36. Rf2 Nd3 37. Re8+ Kg7 38. Rd2 Bd7 39. Re7 Rc1+ 40. Kh2 Bc6 41. Nd4 Bd5 42. Rd7 Rh1+ 43. Kg3 Rg1+ 44. Kh4 Nf4 45. Rf2 Ng2+ 46. Kg3 Ne3+ 47. Kf4 Rg4+ 48. Kxe3 Re4+ 49. Kd2 Rxd4+ 50. Kc3 Rd3+ 51. Kb4 a6 52. Kc5 Rf3 53. Rxf3 Bxf3 54. Kb4 Bg4 55. Ra7 Bc8 56. a3 Bf5 57. Rxa6 Bd7 58. Ra7 Be8 59. Rc7 Kf8 60. Kc5 f5 61. gxf6 1-0

[Event "Regionalliga SO 0809"]
[Site "Bayern"]
[Date "2008.12.14"]
[Round "4.5"]
[White "Endthaler, Arnold"]
[Black "Wuerdinger, Alexander"]
[Result "0-1"]
[WhiteElo "2042"]
[BlackElo "2074"]
[PlyCount "66"]
[EventDate "2008.10.05"]
[EventType "team-tourn"]
[EventRounds "9"]
[EventCountry "GER"]
[SourceTitle "EXT 2020"]
[Source "ChessBase"]
[SourceDate "2019.10.17"]
[SourceVersion "1"]
[SourceVersionDate "2019.10.17"]
[SourceQuality "1"]
[WhiteTeam "Trostberg"]
[BlackTeam "Graefelfing"]
[WhiteTeamCountry "GER"]
[BlackTeamCountry "GER"]

1. e4 c5 2. Nf3 Nc6 3. d4 cxd4 4. Nxd4 Nf6 5. Nc3 e6 6. Nxc6 bxc6 7. Bd3 Be7 8. e5 Nd5 9. Nxd5 exd5 10. Qg4 g6 11. 0-0 0-0 12. Qg3 Re8 13. f4 Ba6 14. Bxa6 Qb6+ 15. Be3 Qxa6 16. h4 Qe2 17. Rf3 Qxc2 18. f5 Bc5 19. Raf1 Bxe3+ 20. Rxe3 d4 21. Ree1 Rab8 22. Rf2 Qc5 23. h5 Kh8 24. hxg6 fxg6 25. Qh4 Rg8 26. Qf6+ Rg7 27. fxg6 d3 28. Kf1 hxg6 29. Qg5 Rf8 30. Qh6+ Kg8 31. Rxf8+ Qxf8+ 32. Kg1 Qc5+ 33. Qe3 d2 0-1

[Event "Chambery op 13th"]
[Site "Chambery"]
[Date "2007.08.03"]
[Round "7"]
[White "Calzetta Ruiz, Monica"]
[Black "Wuerdinger, Alexander"]
[Result "1-0"]
[WhiteElo "2278"]
[BlackElo "2151"]
[PlyCount "80"]
[EventDate "2007.07.28"]
[EventType "swiss"]
[EventRounds "9"]
[EventCountry "FRA"]
[SourceTitle "CBM 119 Extra"]
[Source "ChessBase"]
[SourceDate "2007.09.04"]
[SourceVersion "1"]
[SourceVersionDate "2007.09.04"]
[SourceQuality "1"]

1. e4 c5 2. Nc3 e6 3. Nf3 Nc6 4. d4 cxd4 5. Nxd4 Nf6 6. Ndb5 d6 7. Bf4 e5 8. Bg5 a6 9. Na3 b5 10. Nd5 Be7 11. Bxf6 Bxf6 12. c3 0-0 13. Nc2 Bg5 14. a4 bxa4 15. Rxa4 Bb7 16. h4 Bh6 17. g4 Bf4 18. Qf3 Ne7 19. Bd3 Rb8 20. Ra2 Re8 21. Kf1 Qc8 22. Nxe7+ Rxe7 23. Kg2 h5 24. gxh5 f5 25. Re1 Bd2 26. Re2 Rf7 27. Qh3 d5 28. f3 dxe4 29. fxe4 Qc5 30. Ne3 Bxe3 31. Qxe3 Qc8 32. Kh2 f4 33. Qh3 Qc5 34. b4 Qc7 35. Bxa6 f3 36. Re3 f2 37. Bf1 Rbf8 38. c4 Bc8 39. Qg3 Be6 40. Rc2 Qd6 1-0